| 000 | 00681nam a2200217 a 4500 | ||
|---|---|---|---|
| 008 | 951121s1987||||[C 0 hun c | ||
| 020 |
_c11 Kčs. _q(20000 výtl.) |
||
| 040 |
_aSNK _bslo _cSNK _eAACR2 |
||
| 041 | 1 |
_ahun _hslo |
|
| 080 | _a809.451.1(035) | ||
| 100 | 1 |
_aChrenková, Edita _4aut |
|
| 245 | 1 | 0 |
_aMaďarčina do vrecka _cEdita Chrenková ; Edita Chrenková, Ľubica Prudilová, Artúr Sandany |
| 250 | _a3., vyd. | ||
| 260 |
_aBratislava _bSPN _c1987 _ePrešov _fDuklianske tlačiarne |
||
| 300 |
_a287 s., 8,07 AH _c15 cm |
||
| 700 | 1 |
_aChrenková, Edita _4trl |
|
| 700 | 1 |
_aPrudilová, Ľubica _4bkd |
|
| 700 | 1 |
_aSandany, Artúr _4oth |
|
| 044 | _aHU | ||
| 958 | _aA | ||
| 999 |
_c19178 _d19178 |
||